駅名が「六」ではじまる駅 - Statistics

General Stats
  • This quiz has been taken 122 times
  • The average score is 10 of 27
Answer Stats
Hint Answer % Correct
港区 六本木
68%
足立区 六町
67%
港区 六本木一丁目
60%
大田区 六郷土手
59%
藤沢市 六会日大前
55%
南魚沼市 六日町
55%
京都市 六地蔵
54%
宇治市 六地蔵
54%
神戸市 六甲
47%
松戸市 六実
46%
島田市 六合
45%
神戸市 六甲道
43%
金ケ崎町 六原
37%
仙台市 六丁の目
36%
各務原市 六軒
33%
松阪市 六軒
33%
大淀町 六田
32%
横浜市 六浦
29%
福井市 六条
28%
岡崎市 六名
22%
和歌山市 六十谷
20%
福岡市 六本松
19%
名古屋市 六番町
18%
射水市 六渡寺
16%
稲沢市 六輪
15%
四万十町 六反地
11%
高松市 六万寺
7%
No matching quizzes found
Score Distribution
Percent of People with Each Score
Percentile by Number Answered
Your Score History
You have not taken this quiz